Ainsworth and Bisby's dictionary of the fungi (including the lichens) (Record no. 37968)

MARC details
000 -LEADER
fixed length control field 00406nam a2200145Ia 4500
082 ## - DEWEY DECIMAL CLASSIFICATION NUMBER
Classification number 582.28(038)
Item number HAW
100 ## - MAIN ENTRY--AUTHOR NAME
Personal name Hawksworth, D L
245 #0 - TITLE STATEMENT
Title Ainsworth and Bisby's dictionary of the fungi (including the lichens)
250 ## - EDITION STATEMENT
Edition statement Ed.7
260 ## - PUBLICATION, DISTRIBUTION, ETC. (IMPRINT)
Place of publication England
Name of publisher Commonwealth Mycological Inst
Year of publication 1983
650 ## - SUBJECT ADDED ENTRY--TOPICAL TERM
Topical Term fungi
650 ## - SUBJECT ADDED ENTRY--TOPICAL TERM
Topical Term Lichens
942 ## - ADDED ENTRY ELEMENTS (KOHA)
Koha item type Books
Holdings
Withdrawn status Lost status Damaged status Not for loan Home library Current library Date acquired Full call number Accession Number Koha item type
        RRII Library RRII Library 16/12/2021 582.28(038) HAW 18337 Books